000 00874nam a22002657a 4500
001 BR8803247
003 BR-BrBNA
005 20230928092921.0
007 ta
008 230509b bl.||||| |||| 00| 0 por d
040 _aBR-BrBNA
_bpor
_cBiblioteca Nacional de Agricultura
041 _a(Por)
072 _aD10
_b/G514
090 _ D10 BR8803247
110 1 _aSecretaria de Estado da Agricultura, Belo Horizonte, MG (Brasil). Assessoria de Planejamento e Coordenacao
_98796
245 1 _aRoteiro basico para implementacao do sistema de acompanhamento e avaliacao [projetos agricolas, Minas Gerais]
260 3 _aBelo Horizonte, MG (Brasil):
_c[nd].
300 _a19 p.
500 _aPublished after 1980
650 _aPLANEJAMENTO AGRICOLA
650 _aREFORMA ADMINISTRATIVA
650 _aMINAS GERAIS
909 _a202309
_bLucia
_c55
_dLucia Elande
942 _cBK
999 _c41975
_d41975